书目信息 |
| 题名: |
常见皮肤病诊疗手册
|
|
| 作者: | 赵广主编 | |
| 分册: | ||
| 出版信息: | 北京 金盾出版社 2012 |
|
| 页数: | 68,300页 | |
| 开本: | 21cm | |
| 丛书名: | ||
| 单 册: | ||
| 中图分类: | R751-62 , R751 | |
| 科图分类: | ||
| 主题词: | 皮肤病:常见病--诊疗--手册 | |
| 电子资源: | ||
| ISBN: | 978-7-5082-7288-7 | |
| 000 | 00736nam0 22002171 450 | |
| 001 | 2335552190 | |
| 005 | 20231129095248.78 | |
| 010 | @a978-7-5082-7288-7@dCNY30.00 | |
| 100 | @a20120815d2012 em y0chiy50 ea | |
| 101 | 0 | @achi |
| 102 | @aCN@b110000 | |
| 105 | @aa z 000yy | |
| 200 | 1 | @a常见皮肤病诊疗手册@f赵广主编 |
| 210 | @a北京@c金盾出版社@d2012 | |
| 215 | @a68,300页@c图@d21cm | |
| 330 | @a本书介绍了常见、多发性皮肤病的病因、诊断、治疗方法和预防措施,为便于初学者和基层医生掌握皮肤病的诊断知识,书中就每一病种的临床特征做了详细描述,并配有彩图,为诊断和鉴别诊断提供了帮助。 | |
| 606 | 0 | @a皮肤病:常见病@x诊疗@x手册 |
| 690 | @aR751-62@v5 | |
| 690 | @aR751@v4 | |
| 801 | 0 | @aCN@b山东中教@c20231126 |
| 905 | @aBZT@dR751@e24 | |
| 常见皮肤病诊疗手册/赵广主编.-北京:金盾出版社,2012 |
| 68,300页:图;21cm |
| ISBN 978-7-5082-7288-7:CNY30.00 |
| 本书介绍了常见、多发性皮肤病的病因、诊断、治疗方法和预防措施,为便于初学者和基层医生掌握皮肤病的诊断知识,书中就每一病种的临床特征做了详细描述,并配有彩图,为诊断和鉴别诊断提供了帮助。 |
| ● |
| 相关链接 |
|
|
|
正题名:常见皮肤病诊疗手册
索取号:R751/24
 
预约/预借
| 序号 | 登录号 | 条形码 | 馆藏地/架位号 | 状态 | 备注 |
| 1 | 2001190199 | 2001190199 | 中教(第二批第二书库)/山东中教(第二批)/1927/ [索取号:R751/24] | 在馆 | |
| 2 | 2001190200 | 2001190200 | 中教(第二批第二书库)/山东中教(第二批)/1927/ [索取号:R751/24] | 在馆 | |
| 3 | 2001190201 | 2001190201 | 中教(第二批第二书库)/山东中教(第二批)/1927/ [索取号:R751/24] | 在馆 | |
| 4 | 2001190202 | 2001190202 | 中教(第二批第二书库)/山东中教(第二批)/1927/ [索取号:R751/24] | 在馆 | |
| 5 | 2001190203 | 2001190203 | 中教(第二批第二书库)/山东中教(第二批)/1927/ [索取号:R751/24] | 在馆 | |
| 6 | 2001190204 | 2001190204 | 中教(第二批第二书库)/山东中教(第二批)/1927/ [索取号:R751/24] | 在馆 | |
| 7 | 2001190205 | 2001190205 | 中教(第二批第二书库)/山东中教(第二批)/1927/ [索取号:R751/24] | 在馆 | |
| 8 | 2001190206 | 2001190206 | 中教(第二批第二书库)/山东中教(第二批)/1927/ [索取号:R751/24] | 在馆 | |
| 9 | 2001190207 | 2001190207 | 中教(第二批第二书库)/山东中教(第二批)/1927/ [索取号:R751/24] | 在馆 | |
| 10 | 2001190208 | 2001190208 | 中教(第二批第二书库)/山东中教(第二批)/1927/ [索取号:R751/24] | 在馆 | |
| 11 | 2001190209 | 2001190209 | 中教(第二批第二书库)/山东中教(第二批)/1927/ [索取号:R751/24] | 在馆 | |
| 12 | 2001190210 | 2001190210 | 中教(第二批第二书库)/山东中教(第二批)/1927/ [索取号:R751/24] | 在馆 | |
| 13 | 2001190211 | 2001190211 | 中教(第二批第二书库)/山东中教(第二批)/1927/ [索取号:R751/24] | 在馆 | |
| 14 | 2001190212 | 2001190212 | 中教(第二批第二书库)/山东中教(第二批)/1927/ [索取号:R751/24] | 在馆 | |
| 15 | 2001190213 | 2001190213 | 中教(第二批第二书库)/山东中教(第二批)/1927/ [索取号:R751/24] | 在馆 | |
| 16 | 2001190214 | 2001190214 | 中教(第二批第二书库)/山东中教(第二批)/1927/ [索取号:R751/24] | 在馆 | |
| 17 | 2001190215 | 2001190215 | 中教(第二批第二书库)/山东中教(第二批)/1927/ [索取号:R751/24] | 在馆 | |
| 18 | 2001190216 | 2001190216 | 中教(第二批第二书库)/山东中教(第二批)/1927/ [索取号:R751/24] | 在馆 | |
| 19 | 2001190217 | 2001190217 | 中教(第二批第二书库)/山东中教(第二批)/1927/ [索取号:R751/24] | 在馆 | |
| 20 | 2001190218 | 2001190218 | 中教(第二批第二书库)/山东中教(第二批)/1927/ [索取号:R751/24] | 在馆 | |
| 21 | 2001190219 | 2001190219 | 中教(第二批第二书库)/山东中教(第二批)/1927/ [索取号:R751/24] | 在馆 | |
| 22 | 2001190220 | 2001190220 | 中教(第二批第二书库)/山东中教(第二批)/1927/ [索取号:R751/24] | 在馆 | |
| 23 | 2001190221 | 2001190221 | 中教(第二批第二书库)/山东中教(第二批)/1927/ [索取号:R751/24] | 在馆 | |
| 24 | 2001190222 | 2001190222 | 中教(第二批第二书库)/山东中教(第二批)/1927/ [索取号:R751/24] | 在馆 | |
| 25 | 2001190223 | 2001190223 | 中教(第二批第二书库)/山东中教(第二批)/1927/ [索取号:R751/24] | 在馆 | |
| 26 | 2001190224 | 2001190224 | 中教(第二批第二书库)/山东中教(第二批)/1927/ [索取号:R751/24] | 在馆 | |
| 27 | 2001190225 | 2001190225 | 中教(第二批第二书库)/山东中教(第二批)/1927/ [索取号:R751/24] | 在馆 | |
| 28 | 2001190226 | 2001190226 | 中教(第二批第二书库)/山东中教(第二批)/1927/ [索取号:R751/24] | 在馆 | |
| 29 | 2001190227 | 2001190227 | 中教(第二批第二书库)/山东中教(第二批)/1927/ [索取号:R751/24] | 在馆 | |
| 30 | 2001190228 | 2001190228 | 中教(第二批第二书库)/山东中教(第二批)/1928/ [索取号:R751/24] | 在馆 |